000
00472nam a2200133Ia 4500
008
100328s9999 xx 000 0 und d
082
_b
73556
100
_a
ठाकूर दिलीप.
245
_a
स्थित्यंतरातील सिनेमा.
260
_b
सायली.
630
_a
स्थित्यंतरातील सिनेमा.
730
_a
स्थित्यंतरातील सिनेमा.
942
_c
BOOK
999
_c
559277
_d
559274